The story of San Michele
Bewaard in:
| Hoofdauteur: | |
|---|---|
| Formaat: | Boek |
| Taal: | Undetermined |
| Gepubliceerd in: |
New York
E. P. Dutton
1931
|
| Onderwerpen: | |
| Tags: |
Voeg label toe
Geen labels, Wees de eerste die dit record labelt!
|
| Thư viện lưu trữ: | Trung tâm Học liệu Trường Đại học Cần Thơ |
|---|
| LEADER | 00487nam a2200193Ia 4500 | ||
|---|---|---|---|
| 001 | CTU_43116 | ||
| 008 | 210402s9999 xx 000 0 und d | ||
| 082 | |a 813.54 | ||
| 082 | |b M971 | ||
| 100 | |a Munthe, Axel | ||
| 245 | 4 | |a The story of San Michele | |
| 245 | 0 | |c Axel Munthe | |
| 260 | |a New York | ||
| 260 | |b E. P. Dutton | ||
| 260 | |c 1931 | ||
| 650 | |a American literature | ||
| 650 | |y 20th century | ||
| 904 | |i Minh | ||
| 980 | |a Trung tâm Học liệu Trường Đại học Cần Thơ | ||